00874naa#a2200205#i#4500001002100000005001700021011001400038100004100052101000800093102000700101200018200108210016900290215001000459608004500469700003400514700002600548700005200574700002800626856001400654RU\INFRA-M\bibl\726820260701213525.3##a2075-4094##a20150930b2015####ek#y0rusy0150####ca0#aRUS##aRU1#aНейроэмуляторы в анализе кардиоинтервалов у больных с сосудистой патологиейeЖурнальная статья1#aМоскваcОбщество с ограниченной ответственностью «Научно-издательский центр ИНФРА-М»d2015##a6 с.##aЖурнальная статья2local#1aВорошиловаgО. М.#1aЕськовgВ. В.#1aЕськовgВалерий Матвеевич#1aСиненкоgД. В.4#azh-szf.ru